| 000 | 00645cam a2200217 i 4500 | ||
|---|---|---|---|
| 999 |
_c118607 _d118607 |
||
| 001 | 20805788 | ||
| 005 | 20200922102431.0 | ||
| 008 | 190110s2019 nyu 001 0 eng | ||
| 020 | _a9781138708808 (pbk.) | ||
| 040 | _cPK-LaUMT | ||
| 082 | 0 | 0 |
_a307.1216 _223 _bHAR-F |
| 100 | 1 | _aHarris, Michael | |
| 245 | 1 | 2 |
_aA future for planning : _btaking responsibility for twenty-first century challenges / _cby Michael Harris |
| 260 |
_aNew York : _bRoutledge, _c2019 |
||
| 300 |
_a200 p. ; _c23 cm. |
||
| 490 | 0 | _aThe RTPI library series | |
| 500 | _aIncludes index. | ||
| 650 | 0 | _aCity planning. | |
| 650 | 0 | _aRegional planning. | |
| 942 | _cBK | ||